000 00727cam a22002533a 4500
001 32649
003 PGUSA
005 20140828083715.0
008 100601s2010||||xxu|||||s|||||000 | eng d
040 _aPGUSA
_beng
042 _adc
050 4 _aPS
100 1 _aJames, Henry,
_d1843-1916
245 1 4 _aThe Middle Years
_h[electronic resource] /
_cHenry James
260 _bProject Gutenberg,
_c2010
506 _aPublic domain in the USA.
516 _aElectronic text
653 _aJames, Henry, 1843-1916
653 _aAuthors -- Correspondence, reminiscences, etc.
700 1 _aLubbock, Percy,
_d1879-1965
830 0 _aProject Gutenberg
_v32649
856 4 0 _uhttp://www.gutenberg.org/ebooks/32649
942 _cEB
999 _c261904
_d261904